|
|
|
|
| LEADER |
01863nam a2200325 a 4500 |
| 001 |
GR-Patra21591 |
| 008 |
070515s2001 gr g b 000 0 gre d |
| 020 |
|
|
|a 9604111086
|
| 040 |
|
|
|a GrPaTEI
|b gre
|c GR-PaULI
|
| 040 |
|
|
|a GrPaTEI
|b gre
|c GR-PaULI
|
| 082 |
|
0 |
|a 621.31
|2 21
|
| 100 |
1 |
|
|a Τουλόγλου, Στέφανος
|
| 245 |
1 |
0 |
|a Ηλεκτρικές βιομηχανικές εγκαταστάσεις (Κίνησης) & υποσταθμοί (Μέσης τάσης) /
|c Στέφανος Τουλόγλου.
|
| 260 |
|
|
|a Αθήνα :
|b Ίων,
|c 2001
|
| 300 |
|
|
|a 317 σ. :
|b πιν., σχημ.
|
| 490 |
1 |
|
|a Εγχειρίδιο ηλεκτρολόγου εγκαταστάτη. ΙΙ
|
| 504 |
|
|
|a Περιλαμβάνει βιβλιογραφία.
|
| 650 |
|
4 |
|a ΒΙΟΜΗΧΑΝΙΚΕΣ ΕΠΙΧΕΙΡΗΣΕΙΣ
|
| 650 |
|
4 |
|a Ηλεκτρικές εγκαταστάσεις
|
| 650 |
|
4 |
|a ΗΛΕΚΤΡΟΚΙΝΗΤΗΡΕΣ
|
| 650 |
|
4 |
|a ΗΛΕΚΤΡΟΛΟΓΙΑ
|
| 650 |
|
4 |
|a ΜΗΧΑΝΟΛΟΓΙΑ
|
| 710 |
0 |
|
|a Ιων
|
| 830 |
|
0 |
|1 00121592
|1 2001
|a Εγχειρίδιο ηλεκτρολόγου εγκαταστάτη
|h ΙΙ
|
| 942 |
|
|
|2 ddc
|
| 952 |
|
|
|0 0
|1 0
|2 ddc
|4 0
|6 621_310000000000000_ΤΟΥ
|7 0
|9 301893
|a LISK
|b LISK
|c BSC
|d 2021-01-17
|e 24
|f 0
|g 0.00
|l 2
|m 1
|o 621.31 ΤΟΥ
|p 92410031417
|q 2025-05-06
|r 2025-03-26 15:15:42
|s 2025-03-26
|t 1
|w 2021-01-17
|y BK15
|x 20070515 0 1
|x GrPaTEI
|
| 952 |
|
|
|0 0
|1 0
|2 ddc
|4 0
|6 621_310000000000000_ΤΟΥ
|7 0
|9 301894
|a LISK
|b LISK
|c BSC
|d 2021-01-17
|e 24
|f 1
|g 0.00
|l 0
|o 621.31 ΤΟΥ
|p 92410031418
|r 2021-01-17 00:00:00
|t 1
|w 2021-01-17
|y BK15
|x 20070515 0 1
|x GrPaTEI
|
| 952 |
|
|
|0 0
|1 0
|2 ddc
|4 0
|6 621_310000000000000_ΤΟΥ
|7 1
|9 301895
|a LISK
|b LISK
|c BSC
|d 2021-01-17
|e 24
|f 0
|g 0.00
|l 0
|o 621.31 ΤΟΥ
|p 92410031416
|r 2021-01-17 00:00:00
|t 1
|w 2021-01-17
|y BKN
|x 20070515 0 0
|x GrPaTEI
|
| 971 |
|
|
|a .b26691644
|b 16-04-20
|c 26-09-16
|
| 999 |
|
|
|c 175499
|d 175499
|